000 01520cam a22004573a 4500
001 16751552
003 OSt
005 20140310181806.0
008 021019s1992 nyu j 000 0 eng d
010 _a 2011656570
020 _a9780812512892
020 _a0812512898
035 _a(OCoLC)ocn670434207
035 _a(OCoLC)670434207
040 _aCNBAN
_beng
_cCNBAN
_dOCLCQ
_dDLC
042 _alccopycat
050 0 0 _aAG 243
_b.R589 1992
082 _aREF 031.02
_bR48 1992
110 2 _aRipley's Believe It or Not.
245 1 0 _aWild animals /
_c[edited by Howard Zimmerman and Elizabeth Henderson].
250 _a1st Tor ed.
260 _aNew York, N.Y. :
_bA Tor Book, Published by Tom Doherty Associates,
_c1992.
300 _a124 p. :
_bill. ;
_c17 cm.
490 0 _aA Byron Preiss book
490 0 _aA Tom Doherty Associates book
490 0 _aA Tor book
490 1 _aRipley's 100 Anniversary Series
500 _a"100th anniversary ed."--P. [1] of Cover.
500 _aIllustration caption on t.p. : "The marine iguanas of Galapagos"
520 _aAmazing-but-true stories about wild animals.
521 _a
541 _j1
650 0 _aAnimals.
700 1 _aHenderson, Elizabeth.
700 1 _aZimmerman, Howard.
710 2 _aCopyright Paperback Collection (Library of Congress)
_5DLC
830 0 _aRipley's 100 Anniversary Series.
906 _a7
_bcbc
_ccopycat
_d2
_encip
_f20
_gy-genrareb
942 _2lcc
_cBK-GR
_kREF
999 _c3809
_d3809